Gares sur la ligne de Paris à Mulhouse - Statistiques

Statistiques générales
  • Ce quiz a été pris 47 fois
  • Le résultat moyen est 12 sur 44
Statistiques - réponses
Département Gare % Correct
(90) Belfort
93%
Haut-Rhin (68) Mulhouse
88%
(10) Troyes
65%
(52) Chaumont
60%
(68) Altkirch
55%
Paris (75) Paris-Est
55%
(52) Langres
50%
Haute-Saône (70) Vesoul
45%
(70) Lure
43%
(94) Nogent - Le Perreux
40%
(68) Dannemarie
38%
Aube (10) Bar-sur-Aube
35%
(68) Zillisheim
35%
Seine-Saint-Denis (93) Pantin
33%
(68) Flaxlanden
30%
(68) Illfurth
30%
Haut-Rhin (68) Montreux-Vieux
30%
Aube (10) Nogent-sur-Seine
30%
(10) Romilly-sur-Seine
30%
Haute-Marne (52) Culmont - Chalindrey
25%
Paris (75) Rosa-Parks
23%
(93) Noisy-le-Sec
20%
Belfort (90) Petit-Croix
20%
(94) Les Boullereaux-Champigny
18%
Seine-Saint-Denis (93) Rosny-sous-Bois
18%
(68) Walheim
15%
Belfort (90) Bas-Evette
13%
Seine-et-Marne (77) Emerainville - Pontault-Combault
13%
(77) Gretz-Armainvilliers
13%
(77) Nangis
13%
(77) Ozoir-la-Ferrière
13%
(70) Ronchamp
13%
(93) Rosny-Bois-Perrier
13%
(10) Vendeuvre (Aube)
13%
Seine-et-Marne (77) Longueville
10%
Val-de-Marne (94) Val-de-Fontenay
10%
Val-de-Marne (94) Villiers-sur-Marne - Le Plessis-Trévise
10%
Haute-Saône (70) Champagney
8%
Seine-Saint-Denis (93) Les Yvris-Noisy-le-Grand
8%
(77) Mormant
8%
(77) Roissy-en-Brie
8%
(90) Trois-Chênes
8%
(77) Verneuil-l'Etang
8%
Haute-Marne (52) Bricon
5%
Aucun quiz correspondant
Distribution des résultats
% des personnes avec chaque résultat
Percentile par nombre de réponses
Votre historique - résultats
Vous n’avez pas pris ce quiz